| 000 | 00766nam a22001817a 4500 | ||
|---|---|---|---|
| 999 |
_c59186 _d59186 |
||
| 003 | Ge_BSU | ||
| 005 | 20221202141730.0 | ||
| 008 | 221202s1985ge xxu||||| |||| 00| 0 geo d | ||
| 041 | _ageo | ||
| 080 | _a821.353.1-32: 821.353.1-31 კ-59 | ||
| 100 |
_aკლდიაშვილი, სერგო, ავტ. _916325 |
||
| 245 |
_aმოთხრობები ; რომანები / _cსერგო კლდიაშვილი, რედ. ნ. ხომერიკი |
||
| 264 |
_aთბილისი : _bმერანი, _c1985. |
||
| 300 |
_a737 გვ. ; _b22 სმ. |
||
| 653 | _aმოთხრობები ; რომანები | ||
| 700 |
_aხომერიკი,ნ _eრედაქტორი _916326 |
||
| 942 |
_2udc _cBK |
||